Normal view
MARC view
- HOPE, LAURA LEE
Entry Personal Name
001 - CONTROL NUMBER
- control field: 57795
003 - CONTROL NUMBER IDENTIFIER
- control field: NUST
005 - DATE AND TIME OF LATEST TRANSACTION
- control field: 20210628202010.0
008 - FIXED-LENGTH DATA ELEMENTS
- fixed length control field: 210628|| aca||aabn | a|a d
040 ## - CATALOGING SOURCE
- Original cataloging agency: NUST
- Transcribing agency: NUST
100 ## - HEADING--PERSONAL NAME
- Personal name: HOPE, LAURA LEE
670 ## - SOURCE DATA FOUND
- Source citation: Work cat.: (NUST): HOPE, LAURA LEE, THE BOBBSEY TWINS IN A GREAT CITY, 1945
